[Event "Budapest Karacsonyi 7th"]
[Site "Budapest"]
[Date "2015.12.29"]
[Round "4"]
[White "Reszler, J Robert"]
[Black "Selim, Tareq"]
[Result "1-0"]
[WhiteElo "1954"]
[BlackElo "1631"]
[PlyCount "49"]
[EventDate "2015.12.27"]
[EventType "swiss"]
[EventRounds "7"]
[EventCountry "HUN"]
[SourceTitle "CBM 170 Extra"]
[Source "ChessBase"]
[SourceDate "2016.02.25"]
[SourceVersion "1"]
[SourceVersionDate "2016.02.25"]
[SourceQuality "1"]

1. e4 c5 2. Nf3 Nc6 3. c3 d5 4. exd5 Qxd5 5. d4 Bg4 6. Be2 cxd4 7. cxd4 0-0-0 8. Nc3 Qd7 9. d5 Bxf3 10. Bxf3 Ne5 11. 0-0 Nxf3+ 12. Qxf3 e5 13. dxe6 Qxe6 14. Bf4 Qc6 15. Qg3 Qg6 16. Qe3 b6 17. Qf3 Bd6 18. Qa8+ Kc7 19. Nb5+ Kd7 20. Qxa7+ Kc6 21. Nxd6 Rxd6 22. Rac1+ Kb5 23. Bxd6 Qxd6 24. Rfd1 Qe6 25. Rd3 1-0